Famous People Named Tommy - Statistics

General Stats
  • This quiz has been taken 282 times
    77 since last reset
  • The average score is 6 of 12
Answer Stats
Life Hint Famous Tommy % Correct
1946– Actor in The Fugitive and Men in Black Tommy Lee Jones
93%
1962– Drummer for Mötley Crüe Tommy Lee
88%
1951– Fashion designer of sportswear and jeans Tommy Hilfiger
82%
1938– Cheech's partner Tommy Chong
74%
1949–2014 Guitarist for the Ramones Tommy Ramone
55%
1927–2021 Manager of the Dodgers Tommy LaSorda
37%
Fictional Peaky Blinders protagonist played by Cillian Murphy Tommy Shelby
33%
1921–1984 Fez-wearing British comedian who died on live TV Tommy Cooper
30%
1955– Writer, director, producer, and star of The Room Tommy Wiseau
30%
1941–1998 "Crimson and Clover", the Shondells Tommy James
22%
1945–2019 Liverpool footballer with uncompromising defensive style Tommy Smith
19%
1958–2020 6'5'' actor of Friday and The Fifth Element Tommy Lister
12%
No matching quizzes found
Score Distribution
Percent of People with Each Score
Percentile by Number Answered
Your Score History
You have not taken this quiz since the last reset